<?xml version="1.0" encoding="UTF-8"?>
<record
    xmlns:xsi="http://www.w3.org/2001/XMLSchema-instance"
    xsi:schemaLocation="http://www.loc.gov/MARC21/slim http://www.loc.gov/standards/marcxml/schema/MARC21slim.xsd"
    xmlns="http://www.loc.gov/MARC21/slim">

  <leader>02096    a2200205   4500</leader>
  <controlfield tag="001">48539</controlfield>
  <controlfield tag="005">20260407155749.0</controlfield>
  <controlfield tag="008">260407a1992    arg                 spa d</controlfield>
  <controlfield tag="003">AR-UNSa-BCEJYS</controlfield>
  <datafield tag="040" ind1=" " ind2=" ">
    <subfield code="a">AR-UNSa-BCEJYS</subfield>
    <subfield code="b">spa</subfield>
    <subfield code="c">AR-UNSa-BCEJYS</subfield>
  </datafield>
  <datafield tag="080" ind1=" " ind2=" ">
    <subfield code="a">167</subfield>
    <subfield code="x">Investigaci&#xF3;n cient&#xED;fica
</subfield>
  </datafield>
  <datafield tag="245" ind1="1" ind2="0">
    <subfield code="a">La pol&#xED;ticas de investigaci&#xF3;n cientfica y tecnol&#xF3;gica argentina historia y perspectiva</subfield>
  </datafield>
  <datafield tag="020" ind1=" " ind2=" ">
    <subfield code="a">950-25-1348-7</subfield>
  </datafield>
  <datafield tag="264" ind1=" " ind2="1">
    <subfield code="a">Buenos Aires :</subfield>
    <subfield code="b">Centro Editor de America Latina</subfield>
    <subfield code="c">1992</subfield>
  </datafield>
  <datafield tag="300" ind1=" " ind2=" ">
    <subfield code="a">409 p.</subfield>
    <subfield code="c">21 cm.</subfield>
  </datafield>
  <datafield tag="505" ind1=" " ind2=" ">
    <subfield code="a">Primera Parte: LA CONFORMACI&#xD3;N DEL COMPLEJO CIENT&#xCD;FICO Y TECNOL&#xD3;GICO: 1. Antecedentes de la conformaci&#xF3;n del Complejo Cient&#xED;fico y Tecnol&#xF3;gico, 1850-1958 - El Complejo Cient&#xED;fico y Tecnol&#xF3;gico argentino en la segunda mitad del siglo XX: la transferencia de modelos institucionales  - - Segunda Parte: LA INSTITUCIONALIZACI&#xD3;N DEL COMPLEJO CIENT&#xCD;FICO Y TECNOL&#xD3;GICO: 3. Principales instituciones especializadas en investigaci&#xF3;n y extensi&#xF3;n - 4. Instituciones de promoci&#xF3;n y gobierno de las actividades de investigaci&#xF3;n  - - Tercera Parte: POL&#xCD;TICA Y GESTI&#xD3;N EN EL COMPLEJO CIENT&#xCD;FICO Y TECNOL&#xD3;GICO: 5. Asignaci&#xF3;n de Recursos P&#xFA;blicos en el Complejo Cient&#xED;fico y Tecnol&#xF3;gico. An&#xE1;lisis del presupuesto Nacional - 6. Indicadores econ&#xF3;micos de las actividades cient&#xED;fico-tecnol&#xF3;gicas: comparaci&#xF3;n internacional - 7. Recursos humanos de investigaci&#xF3;n en el Complejo Cient&#xED;fico y Tecnol&#xF3;gico: evoluci&#xF3;n del empleo y pol&#xED;ticas de recursos humanos del CONICET - 8. La evoluci&#xF3;n salarial de las grandes instituciones del complejo cient&#xED;fico y tecnol&#xF3;gicos - 9. Recursos humanos en Ciencia t Tecnolog&#xED;a. Formaci&#xF3;n de investigadores - 10. An&#xE1;lisis de los Programas Nacionales de investigaci&#xF3;n de la secretar&#xED;a de Ciencia y Tecnolog&#xED;a  - 11. Las ciencias sociales en la Argentina: diagn&#xF3;sticos y perspectivas - 12. Telecomunicaciones - 13. Actividades provisionales en Ciencias y Tecnolog&#xED;a - 14. Aspectos estrat&#xE9;gicos de gesti&#xF3;n.</subfield>
  </datafield>
  <datafield tag="942" ind1=" " ind2=" ">
    <subfield code="c">BK</subfield>
  </datafield>
  <datafield tag="590" ind1=" " ind2=" ">
    <subfield code="a">niveau_biblio:m niveau_hierar:0</subfield>
  </datafield>
  <datafield tag="100" ind1="1" ind2=" ">
    <subfield code="a">Oteiza, Enrique</subfield>
  </datafield>
  <datafield tag="999" ind1=" " ind2=" ">
    <subfield code="c">4607</subfield>
    <subfield code="d">4607</subfield>
  </datafield>
  <datafield tag="952" ind1=" " ind2=" ">
    <subfield code="0">0</subfield>
    <subfield code="1">0</subfield>
    <subfield code="4">0</subfield>
    <subfield code="7">0</subfield>
    <subfield code="a">BCEJYS</subfield>
    <subfield code="b">BCEJYS</subfield>
    <subfield code="c">16</subfield>
    <subfield code="d">2026-04-07</subfield>
    <subfield code="l">0</subfield>
    <subfield code="o">167 O87</subfield>
    <subfield code="p">L58576</subfield>
    <subfield code="r">2026-04-07 15:57:49</subfield>
    <subfield code="w">2026-04-07</subfield>
    <subfield code="y">L</subfield>
  </datafield>
  <datafield tag="952" ind1=" " ind2=" ">
    <subfield code="0">0</subfield>
    <subfield code="1">0</subfield>
    <subfield code="4">0</subfield>
    <subfield code="7">0</subfield>
    <subfield code="a">BCEJYS</subfield>
    <subfield code="b">BCEJYS</subfield>
    <subfield code="c">16</subfield>
    <subfield code="d">2026-04-07</subfield>
    <subfield code="l">0</subfield>
    <subfield code="o">167 O87</subfield>
    <subfield code="p">L58574</subfield>
    <subfield code="r">2026-04-07 15:57:49</subfield>
    <subfield code="w">2026-04-07</subfield>
    <subfield code="y">L</subfield>
  </datafield>
  <datafield tag="952" ind1=" " ind2=" ">
    <subfield code="0">0</subfield>
    <subfield code="1">0</subfield>
    <subfield code="4">0</subfield>
    <subfield code="7">0</subfield>
    <subfield code="a">BCEJYS</subfield>
    <subfield code="b">BCEJYS</subfield>
    <subfield code="c">16</subfield>
    <subfield code="d">2026-04-07</subfield>
    <subfield code="l">0</subfield>
    <subfield code="o">167 O87</subfield>
    <subfield code="p">L58573</subfield>
    <subfield code="r">2026-04-07 15:57:49</subfield>
    <subfield code="w">2026-04-07</subfield>
    <subfield code="y">L</subfield>
  </datafield>
  <datafield tag="952" ind1=" " ind2=" ">
    <subfield code="0">0</subfield>
    <subfield code="1">0</subfield>
    <subfield code="4">0</subfield>
    <subfield code="7">0</subfield>
    <subfield code="a">BCEJYS</subfield>
    <subfield code="b">BCEJYS</subfield>
    <subfield code="c">16</subfield>
    <subfield code="d">2026-04-07</subfield>
    <subfield code="l">0</subfield>
    <subfield code="o">167 O87</subfield>
    <subfield code="p">L58572</subfield>
    <subfield code="r">2026-04-07 15:57:49</subfield>
    <subfield code="w">2026-04-07</subfield>
    <subfield code="y">L</subfield>
  </datafield>
  <datafield tag="952" ind1=" " ind2=" ">
    <subfield code="0">0</subfield>
    <subfield code="1">0</subfield>
    <subfield code="4">0</subfield>
    <subfield code="7">0</subfield>
    <subfield code="a">BCEJYS</subfield>
    <subfield code="b">BCEJYS</subfield>
    <subfield code="c">16</subfield>
    <subfield code="d">2026-04-07</subfield>
    <subfield code="l">0</subfield>
    <subfield code="o">167 O87</subfield>
    <subfield code="p">L58575</subfield>
    <subfield code="r">2026-04-07 15:57:49</subfield>
    <subfield code="w">2026-04-07</subfield>
    <subfield code="y">L</subfield>
  </datafield>
</record>
